[Event "New Zealand Open Ch'p 2015"]
[Site "Devonport, Auckland"]
[Date "2015.01.04"]
[Round "4.51"]
[White "Maris, Fred A"]
[Black "Fan, Allen Chi Zhou"]
[Result "0-1"]
[WhiteElo "1519"]
[BlackElo "1816"]
[PlyCount "248"]
[EventDate "2015.01.01"]
[EventType "swiss"]
[EventRounds "9"]
[SourceDate "2006.11.24"]

1. e4 Nf6 2. e5 Nd5 3. d4 d6 4. c4 Nb6 5. Nf3 Bg4 6. Be2 Nc6 7. b3 dxe5 8. dxe5
Bxf3 9. Qxd8+ Rxd8 10. Bxf3 Nxe5 11. Bxb7 e6 12. O-O f6 13. Be3 Kf7 14. Nc3 Rb8
15. Be4 a6 16. h3 f5 17. Bc2 h5 18. Ne2 Be7 19. Rad1 Nc6 20. Nd4 Nb4 21. Bb1 c5
22. Nf3 Nc6 23. Rfe1 Rhe8 24. Bf4 Rbc8 25. Ne5+ Nxe5 26. Bxe5 g5 27. Rd3 Red8
28. Red1 Rxd3 29. Rxd3 Rd8 30. Rxd8 Bxd8 31. a3 Nd7 32. Bc3 Bf6 33. Bd2 Kg6 34.
Be3 Bb2 35. a4 Bc3 36. Kf1 Bb4 37. f4 gxf4 38. Bxf4 e5 39. Bc1 e4 40. Bf4 Nf8
41. g4 hxg4 42. hxg4 Ne6 43. gxf5+ Kxf5 44. Be3 Nd4 45. Ba2 Ke5 46. Kf2 Nc6 47.
Bb1 Nd4 48. Ba2 Nc2 49. Bb1 Na1 50. Ba2 Nc2 51. Bb1 Nd4 52. Ba2 Ba5 53. Kf1 Kf5
54. Kf2 Bc7 55. b4 Bb6 56. bxc5 Bxc5 57. Bb1 Ke5 58. Ke1 Bb4+ 59. Kd1 Nf5 60.
Ke2 Bc3 61. Bg1 Nd4+ 62. Kf2 Nf3 63. Kg2 Kf4 64. c5 e3 65. c6 Ba5 66. Ba2 e2
67. Bf2 e1=Q 68. Bxe1 Nxe1+ 69. Kf1 Nd3 70. Bc4 Nc5 71. Ke2 Ke4 72. Bxa6 Nxa6
73. Kf2 Kd5 74. Ke3 Kxc6 75. Kd4 Nc5 76. Kc4 Nxa4 77. Kd4 Nb2 78. Ke4 Bb6 79.
Ke5 Kc5 80. Ke4 Kc4 81. Ke5 Bc5 82. Ke4 Nd3 83. Kf5 Kd4 84. Kg4 Ke4 85. Kg5 Bd4
86. Kg6 Ne5+ 87. Kf6 Kd5 88. Kf5 Nd3 89. Kg4 Ke4 90. Kg3 Ne5 91. Kg2 Kf4 92.
Kf1 Ke3 93. Kg2 Nd3 94. Kf1 Be5 95. Kg2 Ke2 96. Kh1 Kf3 97. Kg1 Bg3 98. Kf1 Nf4
99. Kg1 Ne2+ 100. Kf1 Bf4 101. Ke1 Nd4 102. Kf1 Be3 103. Ke1 Nf5 104. Kf1 Ng3+
105. Ke1 Ke4 106. Kd1 Kd3 107. Ke1 Kc3 108. Kd1 Bf2 109. Kc1 Ne4 110. Kd1 Kd3
111. Kc1 Bd4 112. Kd1 Bc3 113. Kc1 Nf2 114. Kb1 {Diagram # The concluding
stages of a great struggle, Black has to mate on his 126th move or earlier to
avoid a 50 move rule draw} Be5 115. Ka2 Kc4 116. Ka3 Nd3 117. Ka4 Bc3 118. Ka3
Bb4+ 119. Ka2 ({Not the tempting} 119. Ka4 $2 Nb2# $1) 119... Kc3 120. Ka1 Kb3
121. Kb1 Ba3 122. Ka1 Nb4 123. Kb1 Nd5 124. Ka1 Bb2+ (124... Bb2+ 125. Kb1 Nc3#
{One spare move in reserve! Allen earned GM Chandler's praise for his skill
and Fred earned both praise and a book prize for the good sportsmanship he
displayed in congratulating his opponent warmly. Incidentally the regular
upset and novelty book-prizes were a nice feature of the tournament. Most
memorable perhaps was Gary Judkins' prize for innovative attempted castling
(he used his queen instead of his king) [this was in the rapid] and a joint
award to 12 year old sisters Sarah and Caroline Yan for the neatest
scoresheets. The person who mocked this latter prize on the internet has
probably never suffered through an attempt to decipher a Ross Jackson (to name
just one serial offender) scoresheet. Amazingly enough the fundamental bishop
and knight mate came up twice in the tournament. On the second occasion the
possessor of the pieces did not seem to know that it was necessary to drive
the bare king to a corner of the same colour as his bishop. So the game
inevitably ended in a draw. According to Wikipedia (so you can definitely take
this to the bank) about one in five thousand games ends this way, so twice in
five hundred games is rather remarkable.}) 0-1

[Event "New Zealand Open Ch'p 2015"]
[Site "Devonport, Auckland"]
[Date "2015.01.06"]
[Round "6.1"]
[White "Bischoff, Klaus"]
[Black "Howell, David W L"]
[Result "1-0"]
[WhiteElo "2490"]
[BlackElo "2670"]
[PlyCount "85"]
[EventDate "2015.01.01"]
[EventType "swiss"]
[EventRounds "9"]
[SourceDate "2006.11.24"]

1. Nf3 Nf6 2. c4 c5 3. d4 cxd4 4. Nxd4 Nc6 5. g3 Qa5+ 6. Nc3 Ne4 7. Nb3 Nxc3 8.
Qd2 Qb4 9. Qxc3 Qxc3+ 10. bxc3 b6 11. Bg2 Ba6 12. c5 g6 13. Be3 Bg7 14. Rc1 O-O
15. Rc2 Rab8 16. O-O Ne5 17. Rd1 Rfc8 18. Bf4 bxc5 19. Bxe5 Bxe5 20. Rxd7 c4
21. Nd2 Rc7 22. Rxc7 Bxc7 23. Bd5 Rd8 24. Bf3 Ba5 25. Ne4 Rd1+ 26. Kg2 Kg7 27.
e3 Rd8 28. Nc5 Bc8 29. Nb7 Bxb7 30. Bxb7 Rd6 31. Bf3 Kf6 32. Be2 Rc6 33. Rd2 e5
34. Rd7 Bxc3 35. Bf3 Rc5 36. Bd5 {
Diagram # A catastrophic mistake from the tournament favourite} Bb2 $2 (36...
e4 $1 {=}) 37. Rxf7+ Kg5 38. h4+ Kh6 39. Be4 $1 {
Sealing off any possible escape} c3 40. g4 c2 {
Black sportingly plays on to allow While to demonstrate the logical conclusion}
41. g5+ Kh5 42. Rxh7+ Kg4 43. f3# 1-0

[Event "New Zealand Open Ch'p 2015"]
[Site "Devonport, Auckland"]
[Date "2015.01.07"]
[Round "7.6"]
[White "Dive, Russell J"]
[Black "Drummond, Matthew"]
[Result "1-0"]
[WhiteElo "2315"]
[BlackElo "2231"]
[PlyCount "57"]
[EventDate "2015.01.01"]
[EventType "swiss"]
[EventRounds "9"]
[SourceDate "2006.11.24"]

1. Nf3 Nf6 2. d4 c5 3. c4 cxd4 4. Nxd4 b6 5. f3 Bb7 6. e4 d6 7. Nc3 e6 8. Be2
Be7 9. O-O O-O 10. Kh1 Nbd7 11. Nc2 a6 12. b3 Rc8 13. Bb2 Qc7 14. Rc1 Kh8 15.
Qd2 Rg8 16. Ne3 Qb8 17. Bd3 Ne5 18. Bb1 g5 19. Ncd1 Rcd8 20. Nf2 Nh5 21. Qb4 f6
22. Qxb6 Nf4 23. b4 {
Diagram # The scene is set for one of the most striking moves of the tournament
} Nxf3 $3 {Impressively (or is it disturbingly), Houdini finds this brilliant
shot more or less instantaneously. Russell vividly described the unpleasant
feeling of being hit by a move like 23...Nxf3!! with less than 3 minutes
(until move 40) on the clock! He didn't panic and quickly recognised two key
points. 1) The impudent knight is not attacking anything. 2) White still has
material equality because he was previously a pawn up.} 24. c5 $1 ({If} 24.
gxf3 Bxe4 {wins material because eg} 25. Qxb8 $2 Bxf3+ 26. Kg1 $2 Ne2# {is mate
}) 24... dxc5 {Opening the b8-h2 diagonal means the knight on f3 now is
threatening something....} 25. bxc5 $2 {After playing this move Russell
noticed he had missed something big and had to practise his poker face} (25.
Nfg4 $1 {Combining defence and attack keeps White afloat}) 25... Nd2 $2 ({
Relief for Russell, Black misses the simple} 25... Nd5 $1 {
winning the queen cold}) 26. Rfd1 Nxb1 27. Rxb1 Qa8 28. Qc7 (28. Qxb7 $1 {
is a clever computer tactic}) 28... Bxe4 $2 29. Nxe4 1-0

[Event "New Zealand Open Ch'p 2015"]
[Site "Devonport, Auckland"]
[Date "2015.01.07"]
[Round "7.8"]
[White "Croad, Nicholas"]
[Black "Reilly, Tim"]
[Result "1/2-1/2"]
[WhiteElo "2254"]
[BlackElo "2238"]
[PlyCount "126"]
[EventDate "2015.01.01"]
[EventType "swiss"]
[EventRounds "9"]
[SourceDate "2006.11.24"]

1. d4 d6 2. c4 f5 3. Nc3 Nf6 4. h4 e6 5. Bg5 Be7 6. e3 O-O 7. Qc2 h6 8. Bxf6
Bxf6 9. Nf3 Nc6 10. O-O-O a5 11. a3 Bd7 12. d5 Ne7 13. dxe6 Bxe6 14. g3 Qe8 15.
Nd4 Bd7 16. Bg2 c6 17. Nde2 Be6 18. Rxd6 Nc8 19. Rd2 Bxc4 20. Ne4 Bxe2 21.
Nxf6+ Rxf6 22. Rxe2 Qe6 23. Rd1 Nb6 24. Red2 Qa2 25. Rd8+ Rf8 26. Rxa8 Rxa8 27.
Bf1 Rf8 28. Rd3 a4 29. Rd4 Rf6 30. Rb4 c5 31. Bc4+ Nxc4 32. Qxc4+ Qxc4+ 33.
Rxc4 Rc6 34. Rxa4 Kf7 35. Kc2 Ke6 36. Ra8 Kd5 37. Re8 b6 38. h5 g6 39. f4 Rf6
40. Re5+ Kd6 41. hxg6 Rxg6 42. Rxf5 Rxg3 43. e4 Rg6 44. a4 Kc6 45. e5 Kd5 46.
b3 Rg2+ 47. Kc3 Rg3+ 48. Kb2 Rg2+ 49. Ka3 Rg3 50. Rf6 c4 51. Rxb6 c3 52. Rxh6 {
Diagram # White has three extra pawns but Black's ideally placed units provide
good practicalchances} Rg1 53. Rh2 Kc5 54. Ka2 Rd1 55. Rc2 $2 {
After this White can only draw} (55. Rh8 $1 {
It's easy if you have a computer to do the heavy lifting}) 55... Kb4 56. e6 Rd2
57. Kb1 $2 {Now White is even losing} (57. Rxd2 cxd2 58. e7 d1=Q 59. e8=Q Qc2+
{draw}) 57... Kxb3 58. Rxc3+ Kxc3 59. f5 Re2 {
Stopping White achieving two abreast passers on the sixth, which beat a rook.}
60. a5 Re1+ 61. Ka2 {Diagram # Now Tim sank into thought with about 5 minutes
available to find a win. I must admit as I watched this play out I somehow
imagined White was still the side with winning chances.} Re2+ ({GM Chandler
was also watching and of course he very quickly worked out the win for Black.} 
61... Re5 $1 {Simply capturing the f pawn - the rook can cope with two
advanced passers if they are not connected} 62. a6 Rxf5 63. e7 Ra5+ 64. Kb1
Rb5+ 65. Ka2 Rb8 66. a7 Ra8) 62. Kb1 Re1+ 63. Ka2 Re2+ 1/2-1/2

[Event "New Zealand Open Ch'p 2015"]
[Site "Devonport, Auckland"]
[Date "2015.01.07"]
[Round "7.4"]
[White "Howell, David W L"]
[Black "Van Riemsdijk, Herman C"]
[Result "1-0"]
[WhiteElo "2670"]
[BlackElo "2356"]
[PlyCount "41"]
[EventDate "2015.01.01"]
[EventType "swiss"]
[EventRounds "9"]
[SourceDate "2006.11.24"]

1. e4 d6 {Herman seeks a sharp battle, on the basis that this approach will
give him better practical chances than a long term positional game, especially
with the Black pieces. The Pirc defence is Herman's third system, but he plays
1...e5 and 1...c5 much more often so this way he hopes to avoid his opponent's
preparation.} 2. d4 Nf6 3. Nc3 g6 4. f4 Bg7 5. Nf3 c5 6. dxc5 Qa5 7. Qd4 O-O 8.
Bd2 {In NZ Chess January 2014, Scott Wastney presents an article on this 7.Qd4
variation which he calls 'The Pirc Buster'. Scott considers 8.cxd6 to be the
main move here, he does mention 8.Bd2, and awards it a !? without further
analysis.} dxc5 9. Qg1 $1 {Interestingly, Herman reveals that he noticed the
computer recommending this strong novelty in his preparation. David spent
approximately 15 minutes on the move, so presumably it was an over the board
inspiration in his case} Nc6 10. e5 Nd7 11. h4 Rd8 12. O-O-O Nf8 13. Bc4 Nd4
14. h5 {Diagram #} b5 $2 {A blunder} ({
Unfortunately Herman talked himself out of} 14... Be6 $1 {a much better move.
White is better, but with David already down to 1 minute 30 Black would have
good practical chances}) 15. Nxd4 Rxd4 ({Black also loses material after} 15...
cxd4 16. Nd5 Qa6 17. Nxe7+ Kh8 18. Bxf7) 16. Nxb5 Qa4 17. Nxd4 Qxc4 18. Nc6 Ne6
19. Kb1 Kf8 20. Bc3 Qe4 21. Qxc5 ({A nice concluding touch} 21. Qxc5 Nxc5 22.
Rd8#) 1-0

[Event "New Zealand Open Ch'p 2015"]
[Site "Devonport, Auckland"]
[Date "2015.01.08"]
[Round "8.1"]
[White "Zhao, Xue"]
[Black "Sukandar, Irine Kharisma"]
[Result "1/2-1/2"]
[WhiteElo "2514"]
[BlackElo "2392"]
[PlyCount "105"]
[EventDate "2015.01.01"]
[EventType "swiss"]
[EventRounds "9"]
[SourceDate "2006.11.24"]

1. c4 Nf6 2. Nf3 e6 3. g3 b6 4. Bg2 Bb7 5. O-O Be7 6. b3 O-O 7. Bb2 d5 8. cxd5
Nxd5 9. d4 Nd7 10. e4 ({Normally White plays} 10. Nbd2 {here}) 10... N5f6 11.
e5 Nd5 12. Nbd2 c5 13. Nc4 b5 14. Nd6 Bxd6 15. exd6 c4 16. bxc4 bxc4 17. Ne5
N7b6 18. Ba3 {Diagram # Play has become very sharp.} Nc3 19. Qe1 Bxg2 20. Kxg2
Nb5 21. Bc5 Nxd6 22. Qb4 Nf5 23. Bxf8 Qd5+ 24. Nf3 Nxd4 25. Qc3 {
Diagram # Black can restore approximate material equality with ...Qxf3+} e5 {
...but prefers to keep things complex whilst playing a rook down for the
forseeable} 26. Rfe1 Na4 27. Qa3 c3 28. Re3 Rxf8 29. Qxa4 g5 30. h3 h5 31. Rxc3
{Now Black does get a piece back} (31. g4 $1 {and White should win}) 31... g4
32. Qc4 gxf3+ 33. Kh2 Qxc4 34. Rxc4 Rb8 35. Rc7 Rb2 36. Kg1 Ne2+ 37. Kf1 h4 38.
gxh4 Nf4 39. Rac1 Nd3 40. R7c2 Rb6 41. Rd1 e4 42. h5 Kg7 43. Kg1 Rb5 {
Diagram # Black has never stopped attacking, and the octopus on d3 ensures
full equality} 44. Kh2 Rxh5 45. Rxd3 exd3 46. Rd2 Rg5 47. h4 Rg2+ 48. Kh3 Kg6
49. a3 f5 50. Rxd3 Rxf2 51. Kg3 Rg2+ 52. Kxf3 Rg4 53. Rd6+ 1/2-1/2